000 00658nam a2200205Ii 4500
003 JO-AjNU
008 230605s9999||||xx |||||||||||||| ||und||
017 _a1576
040 _aJO-AjNU
_bara
_erda
_cJO-AjNU
041 _aara
050 1 4 _aRA1051.D4
100 3 _aحسن ، ضياء نوري,
_eauthor
_935246
245 0 0 _aالطب القضائي واداب المهنة الطبية
264 3 1 _aبغداد:وزارة التعليم والبحث العلمي ، 1900
300 _a464ص
336 _atext
_btxt
_2rdacontent
337 _aunmediated
_bn
_2rdamedia
338 _avolume
_bnc
_2rdacarrier
650 4 _aالطب القضائي
_935247
999 _aA14531
_c18099
_d18099